000 01284 a2200301 4500
003 Nust
005 20170207154050.0
010 _a 2008038057
020 _a0849375533 (alk. paper)
020 _a9780849375538 (alk. paper)
035 _a(OCoLC)ocn249133624
040 _cNust
082 0 0 _a629.8
100 1 _aWang, Cong.
245 1 0 _aDeterministic learning theory for identification, recognition, and control -(E-BOOK)
_cCong Wang, David J. Hill.
250 _a1st ed.
260 _aBoca Raton :
_bCRC Press,
_cc2010.
300 _axix, 195 p. :
_bill. ;
_c25 cm.
490 1 _aAutomation and control engineering ;
_v32
505 0 _aRBF network approximation and persistence of excitation -- The deterministic learning mechanism -- Deterministic learning from closed-loop control -- Dynamical pattern recognition -- Pattern-based intelligent control -- Deterministic learning with output measurements -- Toward human-like learning and control.
650 0 _aControl theory.
650 0 _aIntelligent control systems.
650 0 _aNeural networks (Computer science)
651 _aE-BOOK
700 1 _aHill, David J.
_d1949-
830 0 _aAutomation and control engineering ;
856 4 1 _3Table of contents only
_uhttp://www.loc.gov/catdir/toc/ecip0827/2008038057.html
942 _2ddc
_cBK
999 _c193080
_d193080